Famous Leaders by Clue #1 - Statistics

General Stats
  • This quiz has been taken 32 times
  • The average score is 13 of 18
Answer Stats
Clue Leader % Correct
Salt march, non-violence, glasses Mahatma Gandhi
97%
Long Walk to Freedom, Madiba, apartheid Nelson Mandela
97%
Iron Lady, Falklands, conservatism Margaret Thatcher
93%
Little red book, Cultural Revolution, Great Leap Forward Mao Zedong
86%
Perestroika, glasnost, Cold War end Mikhail Gorbachev
86%
Brexit, "Bulldog" spirit, referendum Boris Johnson
79%
"Iron Curtain," V for Victory, British Bulldog Winston Churchill
79%
New Deal, polio, fireside chats Franklin D. Roosevelt
76%
Open Russia, KGB, long tenure Vladimir Putin
76%
Reunification, physicist, first female chancellor Angela Merkel
72%
Berlin Wall, cigar, "Ich bin ein Berliner" John F. Kennedy
72%
Longest reign, corgis, the Commonwealth Queen Elizabeth II
72%
Jazz, Nobel Peace Prize, _____care Barack Obama
66%
French Resistance, Fifth Republic, General Charles De Gaulle
66%
Independence, non-alignment, Yugoslavia Josip Broz Tito
66%
General Secretary, nuclear arms treaty, tear down this wall Ronald Reagan
62%
Lula, Workers' Party, Brazil boom Luiz Inácio Lula da Silva
41%
Bolívarian revolution, red beret, Venezuela Hugo Chavez
24%
No matching quizzes found
Score Distribution
Percent of People with Each Score
Percentile by Number Answered
Your Score History
You have not taken this quiz